Modeling energy and agriculture interactions <an> application to Bangladesh

Gespeichert in:
Bibliographische Detailangaben
1. Verfasser: Parikh, Jyoti K.
Weitere Verfasser: Krömer, Gerhard
Format: Buch
Sprache:Englisch
Veröffentlicht: Laxenburg International Institute for Applied Systems Analysis 1985
Tags: Tag hinzufügen
Keine Tags, Fügen Sie das erste Tag hinzu!

MARC

LEADER 00000nam a2200000 4500
001 c110610
005 20190207162938.8
041 0 |a eng 
044 |a AT 
245 1 0 |a Modeling energy and agriculture interactions  |b <an> application to Bangladesh  |c Jyoti K. Parikh, Gerhard Krömer 
264 1 |a Laxenburg  |b International Institute for Applied Systems Analysis  |c 1985 
300 |a S. 793-817 
500 |a Separát z: Energy, The Internation Journal, vol. 10 /1985/ 
100 1 |a Parikh, Jyoti K. 
700 1 |a Krömer, Gerhard